<?xml version="1.0" encoding="UTF-8"?>
<collection xmlns="http://www.loc.gov/MARC21/slim">
 <record>
  <leader>01868nam a2200337   4500</leader>
  <controlfield tag="001">000017401</controlfield>
  <controlfield tag="003">13819</controlfield>
  <controlfield tag="005">20130412150416.0</controlfield>
  <controlfield tag="008">130412s2012                           sd</controlfield>
  <datafield tag="082" ind1=" " ind2=" ">
   <subfield code="a">535.3207</subfield>
   <subfield code="b">NG-Q</subfield>
  </datafield>
  <datafield tag="100" ind1="1" ind2=" ">
   <subfield code="a">Nguyễn Thị Hạnh Quyên</subfield>
  </datafield>
  <datafield tag="245" ind1=" " ind2=" ">
   <subfield code="a">Sử dụng phương pháp giải quyết vấn đề dạy học phần quang hình học Vật lí 11 nâng cao THPT</subfield>
   <subfield code="c">Nguyễn Thị Hạnh Quyên ; Lê Thanh Huy hướng dẫn</subfield>
   <subfield code="k">Khóa luận tốt nghiệp</subfield>
  </datafield>
  <datafield tag="260" ind1=" " ind2=" ">
   <subfield code="a">Đà Nẵng</subfield>
   <subfield code="b">Đại học Sư phạm, Đại học Đà Nẵng</subfield>
   <subfield code="c">2012</subfield>
  </datafield>
  <datafield tag="300" ind1=" " ind2=" ">
   <subfield code="a">70 tr., phụ lục 25 tr.</subfield>
   <subfield code="b">Hình mh.</subfield>
   <subfield code="c">29 cm.</subfield>
   <subfield code="e">Đĩa CD, bản tóm tắt</subfield>
  </datafield>
  <datafield tag="500" ind1=" " ind2=" ">
   <subfield code="a">Khóa luận tốt nghiệp đại học. Chuyên ngành: Sư phạm Vật Lý</subfield>
  </datafield>
  <datafield tag="504" ind1=" " ind2=" ">
   <subfield code="a">Mục lục đầu trang, tài liệu tham khảo tr. 73 - 74, phụ lục [13 tr.]</subfield>
  </datafield>
  <datafield tag="520" ind1=" " ind2=" ">
   <subfield code="a">Những cơ sở khoa học của phương pháp giải quyết vấn đề và các phương tiện hỗ trợ phương pháp trong quá trình giảng dạy. Xây dựng phương pháp và tổ chức dạy học phần Quang hình học – Vật lý 11 nâng cao.</subfield>
  </datafield>
  <datafield tag="600" ind1="1" ind2="4">
   <subfield code="b">Vua</subfield>
   <subfield code="c">Đinh Tiên Hoàng</subfield>
  </datafield>
  <datafield tag="650" ind1="0" ind2="4">
   <subfield code="a">Quang hình học</subfield>
   <subfield code="a">Giáo dục THPT</subfield>
   <subfield code="v">Khóa luận tốt nghiệp</subfield>
   <subfield code="x">Vật lý 11</subfield>
  </datafield>
  <datafield tag="653" ind1=" " ind2=" ">
   <subfield code="a">Giáo dục THPT</subfield>
   <subfield code="a">Khoa Vật lý</subfield>
   <subfield code="a">Quang hình học</subfield>
   <subfield code="a">Vật lý 11</subfield>
  </datafield>
  <datafield tag="700" ind1=" " ind2=" ">
   <subfield code="a">Lê Thanh Huy</subfield>
   <subfield code="e">Hướng dẫn</subfield>
  </datafield>
  <datafield tag="OWN" ind1=" " ind2=" ">
   <subfield code="a">LSP</subfield>
  </datafield>
  <datafield tag="AVA" ind1=" " ind2=" ">
   <subfield code="a">UDN50</subfield>
   <subfield code="b">LSP</subfield>
   <subfield code="d">535.3207 NG-Q</subfield>
   <subfield code="e">available</subfield>
   <subfield code="t">Error 5001 Not defined in file expand_doc_bib_avail.</subfield>
   <subfield code="f">1</subfield>
   <subfield code="g">0</subfield>
   <subfield code="h">N</subfield>
   <subfield code="i">0</subfield>
   <subfield code="k">1</subfield>
  </datafield>
  <datafield tag="999" ind1=" " ind2=" ">
   <subfield code="a">From the UDN01</subfield>
  </datafield>
  <datafield tag="AVA" ind1=" " ind2=" ">
   <subfield code="a">UDN50</subfield>
   <subfield code="b">LSP</subfield>
   <subfield code="d">535.3207 NG-Q</subfield>
   <subfield code="e">available</subfield>
   <subfield code="t">Error 5001 Not defined in file expand_doc_bib_avail.</subfield>
   <subfield code="f">1</subfield>
   <subfield code="g">0</subfield>
   <subfield code="h">N</subfield>
   <subfield code="i">0</subfield>
   <subfield code="k">1</subfield>
  </datafield>
  <datafield tag="TYP" ind1=" " ind2=" ">
   <subfield code="a">Monograph</subfield>
  </datafield>
  <datafield tag="TYP" ind1=" " ind2=" ">
   <subfield code="a">Printed language</subfield>
  </datafield>
  <datafield tag="980" ind1=" " ind2=" ">
   <subfield code="a">Mạng thư viện Đại học Đà Nẵng</subfield>
  </datafield>
 </record>
</collection>
